00749cam a2200217 a 450000100100000000500170001000800410002701000130006804000250008108200180010610000450012424500370016926000460020630000210025249000360027365000280030965000270033765000310036495201210039599900150051600000513420200929151604.0780106s1917 sp b 000 0 spa  a18020990 aDO-SdBNPbspacBNPHU aM861.6bD542l1 aDiaz Miron, Salvador,d1853-1928.91469910aLascas /cSalvador Díaz Miron. aMadrid, :bEditorial-América,c[1917?]. a182 p. ;c20 cm.0 aBiblioteca Andres Bello. [XXVI] 4aPoesía mexicana99120 4aPoesía amorosa99227 4aEmocionesxPoesía914700 001052708MOaGRbGRcCTd2009-07-29iLF1l0oM861.6 D542lp5134-10r2020-06-25w2020-06-25y2ZPréstamo interno c4937d4937